00000000nam 2200000zi 4500
0019.943192
003CaOODSP
00520250815151357
006m     o  d f      
007cr cn|||||||||
008240913t20242024onca    ob   f000 0 eng d
020 |a9780660736181
040 |aCaOODSP|beng|erda|cCaOODSP
043 |an-cn---
0861 |aA118-54/2-2024E-PDF
24500|aLocal Food Infrastructure Fund : |blarge scale projects applicant guide.
264 1|a[Ottawa] : |bAgriculture and Agri-Food Canada = Agriculture et agroalimentaire Canada, |c[2024]
264 4|c©2024
300 |a1 online resource (50 pages) : |billustrations
336 |atext|btxt|2rdacontent
337 |acomputer|bc|2rdamedia
338 |aonline resource|bcr|2rdacarrier
500 |aIssued also in French under title: Fonds des infrastructures alimentaires locales : projet à grande échelle : guide du demandeur.
500 |a"AAFC no. 13238E."
504 |aIncludes bibliographical references.
650 0|aFood security|zCanada|xFinance.
650 0|aFood security|xGovernment policy|zCanada.
7101 |aCanada. |bAgriculture and Agri-Food Canada, |eissuing body.
77508|tFonds pour l'infrastructure alimentaire locales : |w(CaOODSP)9.943194
85640|qPDF|s727 KB|uhttps://publications.gc.ca/collections/collection_2025/aac-aafc/A118-54-2-2024-eng.pdf